L'axiomatique.

Uloženo v:
Podrobná bibliografie
Hlavní autor: Blanché, Robert (autor)
Médium: Kniha
Vydáno: Paris, France: Quadrige; Presses Universitaires de France, 1990.
Vydání:1re édition
Témata:
Tagy: Přidat tag
Žádné tagy, Buďte první, kdo vytvoří štítek k tomuto záznamu!

MARC

LEADER 00000nam a22000007a 4500
003 CL-VaPUC
005 20220822114631.0
008 220715t1990 ||||| |||| 00| 0 eng d
999 |c 437110  |d 437108 
020 |a 2 13 043141 0 
022 |a 0291-0489 
040 |c Pontificia Universidad Católica de Valparaíso 
082 7 |a 160 BLA 1990  |2  22 
100 |a Blanché, Robert  |9 369723  |e autor 
245 1 3 |a L'axiomatique. 
250 |a 1re édition 
260 |a Paris, France:  |b Quadrige;  |b Presses Universitaires de France,  |c 1990. 
300 |a 108 páginas. 
500 |a c.1 Donación Familia Prof. Alejandro Guzmán Brito. 
583 |c 20220715  |k Cristina María Rojas Aguilar 
650 |a Lógica  |9 256849 
650 |a Axiomas  |9 873104 
942 |2 ddc  |c BK  |n 0 
952 |0 0  |1 0  |2 ddc  |4 0  |6 160_000000000000000_BLA_1990  |7 0  |8 C_AGB  |9 584855  |a BIBDER  |b BIBDER  |d 2022-07-15  |e Donación   |i 5652977  |o 160 BLA 1990  |p 5652977  |r 2023-01-25  |t 1  |w 2022-07-15  |y BK_US  |k AGB